Division 1 Universities by State Quiz Stats

Quiz not verified by Sporcle

Also try: Missing Word: 007
Challenge
Share
Tweet
Embed
Score 0/32 Timer 07:00
0 Plays Today
% Correct
???
84.6%
???
82.7%
???
80.8%
???
78.8%
???
75%
???
75%
???
73.1%
???
71.2%
???
71.2%
???
69.2%
???
67.3%
???
65.4%
???
65.4%
???
63.5%
???
61.5%
???
61.5%
% Correct
???
59.6%
???
59.6%
???
59.6%
???
57.7%
???
55.8%
???
55.8%
???
53.8%
???
51.9%
???
51.9%
???
50%
???
48.1%
???
46.2%
???
46.2%
???
46.2%
???
44.2%
???
36.5%

You're not logged in!

Compare scores with friends on all Sporcle quizzes.
Join for Free
OR
Log In

You Might Also Like...

Show Comments

Extras

Top Quizzes Today


Score Distribution

Your Account Isn't Verified!

In order to create a playlist on Sporcle, you need to verify the email address you used during registration. Go to your Sporcle Settings to finish the process.

Report this User

Report this user for behavior that violates our Community Guidelines.

Details: